| 000 | nam a22 7a 4500 | ||
|---|---|---|---|
| 999 |
_c233576 _d233576 |
||
| 003 | Nust | ||
| 005 | 20170309104006.0 | ||
| 008 | 170309b xxu||||| |||| 00| 0 eng d | ||
| 040 | _c0 | ||
| 050 | _a628 AHM | ||
| 082 | _a628 AHM | ||
| 100 | _aWaleed Ahmad | ||
| 245 |
_aDevelopment And Performance Evaluation Of A Non-Noble Metal Based Catalytic Converter For Gasoline Engine _cWaleed Ahmad |
||
| 260 |
_aIslamabad _bIESE (SCEE) NUST _c2016. |
||
| 300 |
_a42 p. _bHB. |
||
| 440 | _aMS Environmental Engineering | ||
| 500 | _aThesis MS EE | ||
| 650 | _aEnvironmental Engineering | ||
| 700 | _4Dr. M Zeeshan Ali Khan (Supervisor) | ||
| 942 |
_2ddc _cTHE _kIESE |
||